000 00523nam a2200181Ia 4500
003 OSt
005 20240903100547.0
008 210210b1947 xxu||||| |||| 00| 0 eng d
040 _cAL
041 _akan
082 _a853/373
100 _aRAMARAYA SAMETANA HALLI
_964311
_d ರಾಮರಾಯ ಸಮೇತನ ಹಳ್ಳಿ
245 _aBhishma sankalpa:
_bಭೀಷ್ಮ ಸಂಕಲ್ಪ
260 _aBengaluru
_bN S Vasan and Co
_c1947
690 _aKannada Drama
_964314
906 _a019648
942 _2ddc
_cBK
999 _c143789
_d143789